• 首页
  • 本馆介绍
  • 公告通知
  • 最新文献
  • 馆藏检索
  • 电子资源
  • 读者导购
  • 参考咨询
  • 我的图书馆
  • 登录
  • 详细信息显示
  • 放入我的书架
  • 预约/预借图书
  • 作者相关作品
  • 分类相关作品
  • 丛书相关作品
  • 出版社相关作品

书目信息

  • 表格格式
  • 工作单格式
  • 卡片格式
题名:
广告心理学
    
 
作者: 黄希庭 总主编 ;冯江平 主编
分册:  
出版信息: 上海   华东师范大学出版社  2003
页数: 377页
开本: 21cm
丛书名:
单 册:
中图分类: J50-05
科图分类:
主题词: 工艺美术--广告心理学--艺术理论
电子资源:
ISBN: 7-5617-3239-2
000 00930nam0 2200265 45
001 05002409285
005 20051229144633.23
010    @a7-5617-3239-2@dCNY18.00
092    @aCN
100    @a20041026d2003 ekmy0chiy0120 ea
101 0  @achi
102    @aCN@b310000
105    @ay az 000yy
200 1  @a广告心理学@Aguang gao xin li xue@f黄希庭总主编@FHuang Xi Ting Zong Zhu Bian@g冯江平主编
210    @a上海@c华东师范大学出版社@d2003
215    @a377页@d21cm
300    @a全国应用心理学专业系列教材
300    @a云南省政府“省校合作共建心理学省级重点学科”项目经费资助出版
330    @a本书内容包括广告心理学概述,广告的吸引力与注意理论,广告的知觉与理解,广告的需要、动机理论与应用,广告的记忆理论与应用等。
606 0  @a工艺美术@x广告心理学@x艺术理论
690    @aJ50-05@v4
701  0 @a黄希庭@4总主编
702  0 @a冯江平@Afeng jiang ping@4主编
801  0 @aCN@bCXYBOOK@c20051229
905    @a10447@dJ50-05@e115
    
    广告心理学/黄希庭总主编/冯江平主编.-上海:华东师范大学出版社,2003
    377页;21cm
    全国应用心理学专业系列教材.-云南省政府“省校合作共建心理学省级重点学科”项目经费资助出版
    
    ISBN 7-5617-3239-2:CNY18.00
    本书内容包括广告心理学概述,广告的吸引力与注意理论,广告的知觉与理解,广告的需要、动机理论与应用,广告的记忆理论与应用等。
●
相关链接 在E读中查询图书 在五车中查询图书 在当当中查询图书 在豆瓣中查询图书


正题名:广告心理学     索取号:J50-05/115         预约/预借

序号 登录号 条形码 馆藏地/架位号 状态 备注
1 0352315   3523155   第一样本阅览室/ [索取号:J50-05/115] 在馆    
2 0352316   3523164   第一借阅区/ [索取号:J50-05/115] 在馆    
3 0352317   3523173   第一借阅区/ [索取号:J50-05/115] 在馆    
4 0352318   3523182   第一借阅区/ [索取号:J50-05/115] 在馆    
5 0352319   3523191   第一借阅区/ [索取号:J50-05/115] 在馆    
6 0355384   3553844   第一借阅区/ [索取号:J50-05/115] 在馆    
7 0373075   203730757   第一借阅区/ [索取号:J50-05/115] 在馆    
8 0373076   203730766   第一借阅区/ [索取号:J50-05/115] 在馆    
9 0373077   203730775   第一借阅区/ [索取号:J50-05/115] 在馆    
10 0373078   203730784   第一借阅区/ [索取号:J50-05/115] 在馆    
11 0373079   203730793   第一借阅区/ [索取号:J50-05/115] 在馆    
唐山师范学院图书馆 欢迎您!
大连网信软件有限公司© 版权所有